Регионална библиотека "Любен Каравелов" - Русе

Златният мост (Запис номер 179357)

MARC детайли
000 -Лидер
Контролно поле с фиксирана дължина 01350nam a2200349 c 4500
003 - Код на организацията, давaща контролен номер
Контролно поле BLK
005 - Дата и час на последна редакция
Контролно поле 20250729181004.0
008 - Елементи от данни с фиксирана дължина
fixed length control field 180411b bul|||||r ||||||| ||bul||
010 ## - Наследен системен номер
LC control number KNG00188136000
020 ## - Международен стандартен номер на книга ISBN
Международен стандартен номер на книга ISBN 978-619-157-159-8
-- издат.: Ибис
040 ## - Източник на каталожния запис
Идентификатор на билиотеката - собственик на записа BLK
041 ## - Код за език
Код за езика на текст/звукозапис или на отделно заглавие Български
Код за езика КДБФ Български
072 #7 - Код за тематичната категория
Код организация bullib
Код за тематична категория Н83
Текст Чужда художествена литература Н
080 ## - УДК
Текстов определител УДК Немска литература
УДК код - определител по УДК 821.112.2
УДК определител -312.9
УДК - код + определител 821.112.2-312.9
100 1# - Редна дума - Автор
Автор Фьолер, Ева
Авторска отговорност първи автор
R(LIN) 135279
139 ## - Редно поле
Редна дума Фьолер, Ева
Авторски знак Фьо - Ф 98
245 10 - Сведения за заглавието
Заглавие Златният мост
Подзаглавни данни Роман
Редно поле (дума) Ева Фьолер; прев. Милена Моллова.
257 ## - Страна на издаване
Страна на създаване/издаване Германия
260 ## - Област на издателските данни
-- София
Име на издателя, разпространителя и проч. Ибис
Година на издаване 2016
Печатница София : Симолини
300 ## - Физическа характеристика
Страници 344 с.
Размери/Мащаб 20 см
380 ## - Жанр
Жанр Худож. лит.
500 ## - Общи забележки
Забележка Ориг. загл. Zeitenzauber - die goldene Brucke / Eva Voller. Кн. 2 от трилогията Пътуване във времето
653 ## - Ключова дума – ненормативна
Ключова дума фентъзи
659 ## - Тематичен бюлетин
Тематичен бюлетин Н
700 1# - Други автори (авторска отговорност)
Лично име Моллова, Милена
Автороска отговорност (Описва отношението между автора и произведението) прев.
9 (RLIN) 339963
852 ## - Местоположение
Форматна сигнатура Цб 277369
856 4# - Електронен адрес и достъп
Електронен формат pdf - файл
Път до файла /url/
856 4# - Електронен адрес и достъп
Електронен формат pdf - файл
Път до файла /url/
942 ## - АРТИКУЛИ
Вид на библиотечния материал Книги
Скрит в OPAC Не
Koha issues (borrowed), all copies 23
944 ## - СЪЗДАВАНЕ И РЕДАКЦИЯ на ЗАПИСА
Създаване/Редакция Създаване
Дата на регистрацията/редакция 01.06.2016
Статус, дата на статуса Цветомила Тодорова
Служител, извършил регистрацията/редакцията 30576
944 ## - СЪЗДАВАНЕ И РЕДАКЦИЯ на ЗАПИСА
Създаване/Редакция Редакция
Дата на регистрацията/редакция 19.09.2017
Статус, дата на статуса ф /
Служител, извършил регистрацията/редакцията Виолета_Тройчева
999 ## - СИСТЕМНИ КОНТРОЛНИ НОМЕРА
Koha biblionumber 179357
Koha biblioitemnumber 179357
Наличности
Код за отписване Код за изгубен артикул Код за повреда Коз за рестрикции Код за отдаване Артикулен № Име на библиотеката - собственик Име на библиотеката, в която се намира в момента Статус (Текущо местоположение) Дата на вписване в системата Местоположение - отдел Цена в лева Инвентарен номер Систематично азбучна сигнатура Баркод Номер на екземпляра Цена в евро Служебна бележка Служебен тип на артикула Източник на класификационната схема
  Не е изгубен Не е повреден без рестрикции заемане за дома 307640 Регионална библиотека "Любен Каравелов" Русе Регионална библиотека "Любен Каравелов" Русе Заемна - подръчен фонд 2016-05-31 Заемна - подръчен фонд 13.90 120000800559 П 830-31/Ф 98 120000800559 1 7.11 Дост: Pk Вид: Ф N: 461 Дата: 30.05.2016 Книги  
  Не е изгубен Не е повреден без рестрикции ползва се в читалня 307641 Регионална библиотека "Любен Каравелов" Русе Регионална библиотека "Любен Каравелов" Русе Хранилище 2017-01-09 Хранилище 13.90 120000807472 Цб 277369 120000807472 2 7.11 Дост: Dp Вид: Д N: 51 Дата: 02.12.2016 Книги  
  Не е изгубен Не е повреден без рестрикции заемане за дома 733039 Регионална библиотека "Любен Каравелов" Русе Регионална библиотека "Любен Каравелов" Русе Заемна - подръчен фонд 2019-08-29 Заемна - подръчен фонд 13.90   П 850-31/Ф 98 120000835931   7.11   Книги Universal Decimal Classification
Vip Innovations Ltd, Rousse, Bulgaria 2025